[Event "FICGS W-ch st1 g15 email"]
[Site "FICGS email"]
[Date "2006.07.01"]
[Round "1"]
[White "Laghetti, Francesco"]
[Black "Fillion, Nicolas"]
[Result "1-0"]
[WhiteElo "1467"]
[BlackElo "1763"]
[PlyCount "43"]
[EventDate "2006.??.??"]
[EventType "tourn (corr)"]
[EventRounds "8"]
[SourceTitle "Corr 2022"]
[Source "ChessBase"]
[SourceDate "2021.10.24"]
[SourceVersion "1"]
[SourceVersionDate "2021.10.24"]
[SourceQuality "1"]

1. d4 f5 2. g3 g6 3. Bg2 Bg7 4. c4 d6 5. Nf3 Nf6 6. 0-0 0-0 7. Nc3 c6 8. d5 e5 9. dxe6 Bxe6 10. Qd3 Qe7 11. Bf4 d5 12. cxd5 Nxd5 13. Bg5 Qb4 14. a3 Qxb2 15. Nxd5 Bxd5 16. Rab1 Qc3 17. Qxc3 Bxc3 18. Rfc1 Ba5 19. Rxb7 Na6 20. Ne5 Bxg2 21. Kxg2 c5 22. Bh6 1-0

[Event "FICGS W-ch st1 g15 email"]
[Site "FICGS email"]
[Date "2006.07.01"]
[Round "1"]
[White "Lowrance, Wayne"]
[Black "Laghetti, Francesco"]
[Result "1-0"]
[WhiteElo "1827"]
[BlackElo "1467"]
[PlyCount "145"]
[EventDate "2006.??.??"]
[EventType "tourn (corr)"]
[EventRounds "8"]
[SourceTitle "Corr 2022"]
[Source "ChessBase"]
[SourceDate "2021.10.24"]
[SourceVersion "1"]
[SourceVersionDate "2021.10.24"]
[SourceQuality "1"]

1. e4 Nf6 2. e5 Nd5 3. d4 d6 4. Nf3 Bg4 5. Be2 e6 6. 0-0 Be7 7. c4 Nb6 8. Nc3 0-0 9. Be3 Nc6 10. exd6 cxd6 11. b3 Bf6 12. h3 Bh5 13. Qd2 h6 14. Ne4 Bg6 15. Nxf6+ Qxf6 16. d5 exd5 17. cxd5 Ne7 18. Bd4 Qf5 19. Qb2 Rfc8 20. Ne1 h5 21. Bxg7 Nbxd5 22. Bc4 Kh7 23. Bd4 Nf4 24. Rd1 a6 25. Bd3 Nxd3 26. Rxd3 Rc7 27. Qd2 Rac8 28. Ba1 Rc2 29. Nxc2 Qxd3 30. Qg5 Qd5 31. Qf6 Nf5 32. Ne3 Qe6 33. Qg5 Qe7 34. Bf6 Qe4 35. Nc4 Qe2 36. Ba1 Rg8 37. Qf4 b5 38. Nd2 Ng7 39. Nf3 Ne6 40. Qf6 Qe4 41. Re1 Qf5 42. Qe7 Nf4 43. Nh4 Nxh3+ 44. gxh3 Qxh3 45. Ng2 Qf3 46. Bf6 Rc8 47. Bd4 Rg8 48. Qe3 Qg4 49. f3 Qg3 50. Qf2 Qg5 51. Rd1 Rc8 52. Be3 Qf6 53. Qg3 Qe5 54. Bf4 Qc5+ 55. Kh2 a5 56. Rd2 Re8 57. Bxd6 Qf5 58. Nh4 Qe6 59. Qg5 a4 60. Bf4 Qe1 61. Ng2 Qe7 62. Qxb5 axb3 63. axb3 Ra8 64. b4 Rc8 65. Qd5 Qxb4 66. Qg5 Qf8 67. Ne3 Rc6 68. Be5 Re6 69. Nd5 Qh6 70. Nf6+ Rxf6 71. Qxf6 Qxd2+ 72. Kh3 Qd7+ 73. Kg3 1-0